01574nam a2200409 i 4500001000700000003000800007005001700015006001900032007001500051008004100066020002800107035002200135040003100157050002200188080001000210082001400220100003100234245013400265264005300399300004100452336003100493337003300524338004300557490003200600500002200632588008300654590016200737650002700899650001900926655002700945700003700972765002201009797001801031830003301049856006301082999001901145110739FINmELB20241217174202.0m o d | cr cnu||||||||240726s2024 sp o 001 0 spa d a9788419406835q(e-book) a(OCoLC)1453054116 aFINmELBbspaerdacFINmELB 4aQA9.25bS666 2024 a510.204a511.12231 aSmullyan, Raymond,eautor.13aEl teorema de Löb :bcreencias autosuficientes y sistemas matemáticos /cRaymond Smullyan ; Margarita Mizraji (traducción). 1aBarcelona (España) :bEditorial Gedisa,c2024. a1 recurso en línea (144 páginas) atextobtxt2rdacontent/spa acomputadorabc2rdamedia/spa arecurso en líneabcr2rdacarrier/spa1 aDesafios Matemáticos ;v3 aIncluye índice. aDescripción basada en metadatos suministrados por el editor y otras fuentes. aRecurso electrónico. Santa Fe, Arg.: elibro, 2024. Disponible vía World Wide Web. El acceso puede estar limitado para las bibliotecas afiliadas a elibro. 4aLógica matemática. 4aMatemáticas. 4aLibros electrónicos.1 aMizraji, Margarita,etraductora.0 tForever Undecided2 aelibro, Corp. 0aDesafios Matemáticos ;v3.40uhttps://elibro.net/ereader/politecnicointernacional/270366 c110739d110739